00720nam a2200205Ia 4500003000900000008004100009020001800050040001600068080002100084245008500105260004200190300001600232650004100248650002100289650002800310700003100338942000700369999001500376952012300391IN-BaIIA211028s9999 xx 000 0 eng d a90-277-0156-3 cIIA Library a082.2:52bIAU-C4 0aStellar rotationcedited by Arne Slettebak  aDordrechtbD. Reidel Publishingc1970 aIxvi, 355p. aAstronomy and astrophysics thesaurus aStellar dynamics aStellar rotation910198 aSlettebak, Arne., ed99481 cBK c5880d5880 00104070aBANbBANcGENd1978-08-18l1m1o082.2:52/ IAU-C4p6575r2023-01-30s2022-11-17w1978-08-18yBKGDFL 80.00